000 01439cam a2200385 i 4500
001 25611
003 Mx-PuUPA
005 20251015120821.0
008 140415s2006 sp a gr 001 0 spa d
017 _aM. 37.251-2006
020 _a8437623324
040 _aMx-PuUPA
_bspa
_cMx-PuUPA
_dMx-PuUPA
_erda
041 1 _aspa
_hfre
100 1 _aMorin, Edgar,
_eautor
_93967
240 1 3 _aLe Méthode. La connaissance de la connaissance.
_lEspañol
245 1 0 _aEl método.
_n3,
_bEl conocimiento del conocimiento /
_cEdgar Morin ; traducción de Ana Sánchez
246 1 0 _aLibro primero :
_bantropología del conocimiento
250 _aQuinta edición
264 1 _aMadrid, España :
_bEdiciones Cátedra,
_c2006
300 _a263 páginas :
_bilustraciones (blanco y negro) ;
_c21 cm
336 _2rdacontent
_atexto
_btxt
337 _2rdamedia
_asin medio
_bn
338 _2rdacarrier
_avolumen
_bnc
490 0 _aColección Teorema
490 0 _aMayor
650 7 _2armarc
_aTeoría del conocimiento
650 7 _2armarc
_aAntropología filosófica
650 7 _2armarc
_aMetodolofía científica
700 1 _aSánchez, Ana,
_etraductor
_9602
765 1 _aMorin, Edgar
_tLa Méthode 3. La connaissance de la connaissance
_dEditions du Seuil, 1986
942 _2ddc
_cLI
_h121
_iM8218
999 _c25611
_d25611